000
00271nam a2200097Ia 4500
001
689802
005
20250826161804.0
008
250824s9999 xx 000 0 und d
245
0
_a
FELATUN BEY İLE RAKIM EFENDİ
_c
AHMET MİTHAT EFENDİ
260
_b
ANTİK DÜNYA KLASİKLERİ
999
_c
689802
_d
689802